000 00759cam a22002657a 4500
003 CHAP
005 20220329135021.0
008 971013s1971 r 00010 d
010 _a29615
011 _a30587
035 _a34699
040 _cCHAP
082 _a154.4
_bK8Y
100 0 0 _aKuethe, James L.
_964035
245 1 4 _aLos procesos de enseñar y aprender
260 _aBuenos Aires :
_bPaidós,
_c1971
300 _a192 p.
590 _aBATCH-UPD
_b10
_c20130110
_lUCH01
_h1158
590 _aBATCH-UPD
_b10
_c20130410
_lUCH01
_h0741
590 _aCONVERSION
_b10
_c20130109
_lUCH01
_h1317
650 1 4 _aAprendizaje
_xPsicologia del.
_96372
901 _aBK
942 _cLIBRO
949 _a154.4 K8Y
_bBC
_cLIBRO
_d33724000231593
_eLIBRO
_h16855
_i34699
_si
999 _c29615
_d29615